Black beauty (Record no. 9153)

MARC details
000 -LEADER
fixed length control field 00761nam a22002177a 4500
003 - CONTROL NUMBER IDENTIFIER
control field OSt
005 - DATE AND TIME OF LATEST TRANSACTION
control field 20260316073231.0
008 - FIXED-LENGTH DATA ELEMENTS--GENERAL INFORMATION
fixed length control field 260316b |||||||| |||| 00| 0 eng d
020 ## - INTERNATIONAL STANDARD BOOK NUMBER
International Standard Book Number 978-0-689-84255-9
040 ## - CATALOGING SOURCE
Original cataloging agency DWCL GS lib
Transcribing agency OC
082 ## - DEWEY DECIMAL CLASSIFICATION NUMBER
Classification number S516 2001
100 ## - MAIN ENTRY--PERSONAL NAME
Personal name SEWELL, ANNA
245 ## - TITLE STATEMENT
Title Black beauty
Statement of responsibility, etc. ANNA SEWELL
260 ## - PUBLICATION, DISTRIBUTION, ETC.
Place of publication, distribution, etc. New York
Name of publisher, distributor, etc. Aladdin Classics
Date of publication, distribution, etc. 2001
300 ## - PHYSICAL DESCRIPTION
Extent 210 p
Dimensions 19 cm
520 ## - SUMMARY, ETC.
Summary, etc. an autobiographical memoir narrated by a horse, following his journey from a carefree foal to a hardworking carriage horse in Victorian England.
650 ## - SUBJECT ADDED ENTRY--TOPICAL TERM
Topical term or geographic name entry element kindness, cruelty, and compassion toward animals.
650 ## - SUBJECT ADDED ENTRY--TOPICAL TERM
Topical term or geographic name entry element animals deserve to be treated with kindness, empathy, and respect
700 ## - ADDED ENTRY--PERSONAL NAME
Personal name ANNA SEWELL
942 ## - ADDED ENTRY ELEMENTS (KOHA)
Source of classification or shelving scheme Dewey Decimal Classification
Koha item type Fiction
Suppress in OPAC No

No items available.